000 00752nam a2200205Ia 4500
003 GCL
008 140319s9999 xx 000 0 ara d
040 _aGCL /
_cGCL
082 0 4 _aد
_b050
_bد هـ
245 1 0 _aالهلال ديسمبر 1997 : بورتريهات الفيوم000 هنا ولد فن اللوحة
260 _aالقاهرة :
_bدار الهلال للطباعة والنشر ،
_c1997
650 0 4 _aالمقامات العربية
650 0 4 _aالاقباط
650 0 4 _aالافلام السينمائية
650 0 4 _aالشعر العربى - دواوين وقصائد
650 0 4 _aالمسيحية
650 0 4 _aرحلة العائلة المقدسة - مصر
650 0 4 _aالادب الساخر
942 _2ddc
_cCR
999 _c6732
_d6732